000 00712nam a22001937a 4500
999 _c166804
_d166804
005 20190808160716.0
010 _aUR-10359
020 _c300.00
_a9788194020905
035 _aU-8914
037 _bDBAD/PUB
082 _a920
100 _aکو ثر علی سعيد ی
245 _aاے پی جے عبد الکلا م :سير ت و بصير ت کے آ ءينے ميں
_cکو ثر علی سعيد ی
246 _bA.P.J.Abdul Kalam:Seerat o Basirat ke AAine Mein (Urdu)
_aby Kauser Ali Sayeedi
260 _aKolkata
_bUsmania Book Depot
_c2019 ء
270 _a11,Colootola Lane
_bKolkata
_e700073
_k9433050634/635
_l-
300 _a173ص
_c22 Cm(Hb)
942 _2ddc
_cUR
_h921
_mک و ث